Landlocked Countries of Africa Quiz - Statistics

General Stats
  • This quiz has been taken 45 times
  • The average score is 15 of 16
Answer Stats
Countries % Correct
Lesotho
98%
Niger
98%
Rwanda
98%
Uganda
98%
Zambia
98%
Zimbabwe
98%
Botswana
95%
Burkina Faso
95%
Burundi
95%
Chad
95%
Malawi
95%
Mali
95%
South Sudan
95%
Central AfricanRepublic
93%
Eswatini
93%
Ethiopia
90%
No matching quizzes found
Score Distribution
Percent of People with Each Score
Percentile by Number Answered
Your Score History
You have not taken this quiz